| 000 | 02336nam0a2200361 4500 | ||
|---|---|---|---|
| 001 | RU\NLR\BIBL_A\022300083 | ||
| 005 | 20260420013358.0 | ||
| 010 |
_a978-5-8064-3478-5 _9300 |
||
| 021 |
_aRU _bКН-П-24-037085 _9КН-П-24-3715 |
||
| 035 | _a(NLR Aleph) 022300083 | ||
| 090 |
_a13662789 _c13662789 |
||
| 100 | _a20240814d2024 u y0rusy50 ca | ||
| 101 | 0 | _arus | |
| 102 | _aRU | ||
| 105 | _ay|||j|||000yy | ||
| 181 | 0 |
_ai4 _baxxe |
|
| 182 | 0 | _an | |
| 200 | 1 |
_aОсновы драматургии и режиссерского анализа _eучебно-методическое пособие _eдля студентов, обучающихся по основным профессиональным программам общеобразовательного цикла "52.05.01 Актерское искусство - артист драматического театра и кино (специалитет)" и "44.03.01 Педагогическое образование - Художественное образование (в области театрального искусства)" _fЕ. А. Ткачева _gРоссийский государственный педагогический университет им. А. И. Герцена, [Институт музыки, театра и хореографии] |
|
| 203 |
_aТекст _bвизуальный _cнепосредственный |
||
| 205 | _a2-е изд., стер. | ||
| 210 |
_aСанкт-Петербург _cИзд-во РГПУ им. А. И. Герцена _d2024 |
||
| 215 |
_a23, [1] с. _d21 |
||
| 225 | 1 | _aHerzen | |
| 320 | _aБиблиогр.: с. 23 | ||
| 606 | 1 |
_aРежиссерское искусство _jУчебно-методические пособия для высших учебных заведений _91056965 _3RU\NLR\AUTH\6691202 |
|
| 606 | 1 |
_aДраматургия _jУчебно-методические пособия для высших учебных заведений _xТеория _92400301 _3RU\NLR\AUTH\6601650635 |
|
| 686 | 1 | _aЩ334.075я7 | |
| 686 | 1 | _aШ401.46 | |
| 700 | 1 |
_aТкачева _bЕ. А. _gЕкатерина Александровна |
|
| 942 | _cBOOK | ||
| 980 | _aNB | ||